[Event "Wch Juvenil 2013 sub-16 femenino"]
[Site "Al-Ain UAE"]
[Date "2013.12.23"]
[Round "6.43"]
[White "Bermudez Veliz, Josselyn"]
[Black "Markaki, Sofia"]
[Result "1/2-1/2"]
[BlackElo "1789"]
[PlyCount "90"]
[EventDate "2013.12.19"]
[EventType "swiss"]
[EventRounds "11"]
[EventCountry "UAE"]
[Source "lmi"]
[SourceDate "2013.12.19"]
[WhiteElo "1679"]

1. Nf3 d5 2. c4 c6 3. Qc2 Nf6 4. g3 Nbd7 5. Bg2 e5 6. O-O Be7 7. e3 O-O 8. d4
exd4 9. Nxd4 dxc4 10. Qxc4 Nb6 11. Qc2 Re8 12. Nc3 Bg4 13. b3 Qd7 14. Re1 Nbd5
15. a3 Nxc3 16. Qxc3 c5 17. Nf3 Ne4 18. Qc2 Bf6 19. Bb2 Qf5 20. Bxf6 Bxf3 21.
Bxf3 Qxf3 22. Bb2 Re6 23. Rad1 Ng5 24. h4 Nh3+ 25. Kh2 Qxf2+ 26. Qxf2 Nxf2 27.
Rd7 b6 28. Rf1 Ng4+ 29. Kh3 Nh6 30. Rfd1 Ree8 31. R1d5 Kf8 32. Rg5 g6 33. Rgd5
Rxe3 34. Bc1 Rxb3 35. Bxh6+ Ke8 36. Bg5 f6 37. Bxf6 Rf3 38. Re7+ Kf8 39. Re6
Kf7 40. Rdd6 Re8 41. Rxe8 Kxe8 42. Rd8+ Kf7 43. Bb2 Rb3 44. Bc1 Rc3 45. Bb2 Rb3
1/2-1/2

[Event "Wch Juvenil 2013 sub-16 femenino"]
[Site "Al-Ain UAE"]
[Date "2013.12.23"]
[Round "6.45"]
[White "Ebeling, Gabriela"]
[Black "Ghaemmaghami, Pegah"]
[Result "0-1"]
[WhiteElo "1570"]
[BlackElo "1723"]
[PlyCount "46"]
[EventDate "2013.12.19"]
[EventType "swiss"]
[EventRounds "11"]
[EventCountry "UAE"]
[Source "lmi"]
[SourceDate "2013.12.19"]

1. e4 e6 2. d4 d5 3. Nc3 Nf6 4. e5 Nfd7 5. Nf3 c5 6. Bf4 Nc6 7. dxc5 Bxc5 8.
Bd3 Qb6 9. Na4 Qb4+ 10. c3 Qxf4 11. g3 Qh6 12. Qe2 g6 13. O-O O-O 14. Kg2 a6
15. Nxc5 Nxc5 16. Bc2 Qg7 17. Rae1 a5 18. Nd2 b6 19. f4 Ba6 20. c4 Nd4 21. Qd1
dxc4 22. Rf2 Nxc2 23. Qxc2 Nd3 0-1

[Event "Wch Juvenil 2013 sub-16 femenino"]
[Site "Al-Ain UAE"]
[Date "2013.12.23"]
[Round "6.46"]
[White "Bashaer, Khalil"]
[Black "Drogovoz, Maria"]
[Result "0-1"]
[WhiteElo "1630"]
[BlackElo "1898"]
[PlyCount "64"]
[EventDate "2013.12.19"]
[EventType "swiss"]
[EventRounds "11"]
[EventCountry "UAE"]
[Source "lmi"]
[SourceDate "2013.12.19"]

1. e4 c5 2. Nf3 Nc6 3. d4 cxd4 4. Nxd4 e5 5. Nb3 Nf6 6. Nc3 d6 7. Be2 Be7 8.
Be3 Be6 9. O-O d5 10. exd5 Nxd5 11. Nxd5 Bxd5 12. c4 Be6 13. Qxd8+ Rxd8 14. Nc5
Bxc5 15. Bxc5 Nd4 16. Bxd4 Rxd4 17. b3 Ke7 18. Rad1 Rhd8 19. Rfe1 Rxd1 20. Rxd1
Rxd1+ 21. Bxd1 Kd6 22. a3 Kc5 23. Kf1 Kd4 24. Ke2 Bf5 25. Kd2 Bb1 26. Be2 f5
27. b4 b6 28. g3 Ba2 29. Bd3 e4 30. Be2 Bxc4 31. Bxc4 Kxc4 32. Ke3 Kb3 0-1

[Event "Wch Juvenil 2013 sub-16 femenino"]
[Site "Al-Ain UAE"]
[Date "2013.12.23"]
[Round "6.47"]
[White "Mendez Tovar, Rosario Trin"]
[Black "Poteat, Lilia M"]
[Result "0-1"]
[WhiteElo "1612"]
[BlackElo "1866"]
[PlyCount "58"]
[EventDate "2013.12.19"]
[EventType "swiss"]
[EventRounds "11"]
[EventCountry "UAE"]
[Source "lmi"]
[SourceDate "2013.12.19"]

1. d4 Nf6 2. c4 e6 3. Nc3 Bb4 4. Qc2 Nc6 5. Nf3 d6 6. Bg5 h6 7. Bh4 g5 8. d5
exd5 9. cxd5 Nxd5 10. Bg3 Be6 11. e3 Qf6 12. Rc1 O-O-O 13. Bb5 Ne5 14. Nd4 Kb8
15. O-O Bxc3 16. bxc3 h5 17. Qb2 h4 18. Bxe5 Qxe5 19. a4 c5 20. Ba6 Nb6 21. Nf3
Qd5 22. a5 g4 23. c4 Qc6 24. Bb5 Qc8 25. axb6 gxf3 26. bxa7+ Ka8 27. g3 Bd5 28.
Ba6 Qh3 29. Bxb7+ Bxb7 0-1

[Event "Wch Juvenil 2013 sub-16 femenino"]
[Site "Al-Ain UAE"]
[Date "2013.12.23"]
[Round "6.48"]
[White "Gunaratne, Manisha Suchini"]
[Black "Messaoui, Amira"]
[Result "1-0"]
[WhiteElo "1691"]
[BlackElo "1605"]
[PlyCount "58"]
[EventDate "2013.12.19"]
[EventType "swiss"]
[EventRounds "11"]
[EventCountry "UAE"]
[Source "lmi"]
[SourceDate "2013.12.19"]

1. e4 e5 2. Nf3 Nc6 3. Bb5 a6 4. Ba4 Nf6 5. O-O Be7 6. Re1 b5 7. Bb3 d6 8. h3
O-O 9. c3 Na5 10. Bc2 c5 11. d4 Qc7 12. Nbd2 cxd4 13. cxd4 Nc6 14. d5 Nb4 15.
Bb1 a5 16. a3 Na6 17. Bd3 Bd7 18. Nf1 Nc5 19. Ng3 g6 20. Bh6 Rfc8 21. Rc1 Qd8
22. Bc2 Bf8 23. Be3 Bg7 24. Nh2 Rab8 25. f4 Qe7 26. f5 Nb7 27. Rf1 Re8 28. fxg6
hxg6 29. Nf3 Nh7 1-0

[Event "Wch Juvenil 2013 sub-16 femenino"]
[Site "Al-Ain UAE"]
[Date "2013.12.23"]
[Round "6.49"]
[White "Karania, Saloni"]
[Black "Mithran, Mirakla"]
[Result "0-1"]
[WhiteElo "1210"]
[BlackElo "1655"]
[PlyCount "86"]
[EventDate "2013.12.19"]
[EventType "swiss"]
[EventRounds "11"]
[EventCountry "UAE"]
[Source "lmi"]
[SourceDate "2013.12.19"]

1. e4 e6 2. Nc3 d5 3. exd5 exd5 4. d4 Nf6 5. Nf3 Be7 6. Bd3 Bg4 7. h3 Bh5 8. g4
Bg6 9. Bxg6 hxg6 10. Bg5 Nc6 11. Bxf6 Bxf6 12. Qe2+ Be7 13. O-O-O Qd7 14. Ne5
Qe6 15. Nxc6 Qxe2 16. Nxe2 bxc6 17. c3 O-O-O 18. Kc2 Rh4 19. Rd3 Rdh8 20. Nc1
Rxg4 21. Re1 Re4 22. Rxe4 dxe4 23. Re3 Kd7 24. Rxe4 Rxh3 25. Nd3 Bd6 26. c4 f5
27. Re2 g5 28. c5 Bf4 29. Nxf4 gxf4 30. Re1 Rh2 31. Rg1 Rxf2+ 32. Kc3 Rf3+ 33.
Kc4 Rg3 34. Rf1 g5 35. Rh1 f3 36. Rh7+ Kc8 37. Rh1 f2 38. Rf1 Rf3 39. d5 Kd7
40. dxc6+ Kxc6 41. Kd4 g4 42. b4 g3 43. a4 g2 0-1

[Event "Wch Juvenil 2013 sub-16 femenino"]
[Site "Al-Ain UAE"]
[Date "2013.12.23"]
[Round "6.50"]
[White "Jacobsen, Caroline Beer"]
[Black "Methmani, Nelunika"]
[Result "0-1"]
[WhiteElo "1621"]
[BlackElo "1672"]
[PlyCount "100"]
[EventDate "2013.12.19"]
[EventType "swiss"]
[EventRounds "11"]
[EventCountry "UAE"]
[Source "lmi"]
[SourceDate "2013.12.19"]

1. e4 c5 2. Nc3 Nc6 3. f4 g6 4. Nf3 Bg7 5. Bb5 Nd4 6. O-O Nxb5 7. Nxb5 d6 8.
Nc3 e6 9. d4 cxd4 10. Nxd4 Qb6 11. Nce2 Ne7 12. Rf3 a6 13. Rb3 Qc7 14. Qd3 O-O
15. c4 Rd8 16. Be3 Bd7 17. Nf3 b5 18. Rc1 Qb8 19. c5 d5 20. e5 a5 21. a3 a4 22.
Rbc3 Nc6 23. Ned4 b4 24. Nxc6 Bxc6 25. R3c2 Bf8 26. Qd1 Ra6 27. Qe1 b3 28. Rc3
Rd7 29. g4 Be7 30. g5 Bd8 31. Qh4 h5 32. Nd4 Ba5 33. Nxc6 Rxc6 34. Rd3 Qb5 35.
Rdd1 Qe2 36. Qf2 Qg4+ 37. Qg2 Qf5 38. Rd4 Ra7 39. Rxa4 Bd2 40. Bxd2 Rxa4 41.
Qf3 Rd4 42. Qc3 Rd3 43. Qb4 Qg4+ 44. Kh1 Qf3+ 45. Kg1 Qe2 46. Bc3 Qe3+ 47. Kg2
Qxc1 48. Qb5 Qc2+ 49. Kf1 Rd1+ 50. Be1 Qe4 0-1

[Event "Wch Juvenil 2013 sub-16 femenino"]
[Site "Al-Ain UAE"]
[Date "2013.12.23"]
[Round "6.52"]
[White "Solis Carbajal, Minueth Si"]
[Black "Terubea, Cydel"]
[Result "1-0"]
[WhiteElo "1602"]
[BlackElo "1262"]
[PlyCount "63"]
[EventDate "2013.12.19"]
[EventType "swiss"]
[EventRounds "11"]
[EventCountry "UAE"]
[Source "lmi"]
[SourceDate "2013.12.19"]

1. e4 e5 2. Nf3 Nc6 3. Bc4 Nd4 4. Nc3 c6 5. h3 Nxf3+ 6. Qxf3 Qf6 7. Qe2 Ne7 8.
O-O b5 9. Bb3 d6 10. d3 Be6 11. Qe3 Ng6 12. Ne2 Nh4 13. Qg3 Be7 14. f4 Qg6 15.
Qxg6 hxg6 16. Bxe6 fxe6 17. fxe5 g5 18. exd6 Bxd6 19. Bxg5 Ng6 20. d4 Rh5 21.
Be3 a6 22. Rf2 O-O-O 23. Raf1 Nf8 24. Rf7 Rd7 25. e5 Be7 26. Rxg7 Nh7 27. Nf4
Bg5 28. Nxh5 Bxe3+ 29. Kh1 Bxd4 30. Rxd7 Kxd7 31. Rd1 c5 32. c3 1-0

[Event "Wch Juvenil 2013 sub-16 femenino"]
[Site "Al-Ain UAE"]
[Date "2013.12.23"]
[Round "6.54"]
[White "Mira, Sarhan"]
[Black "Ait Abbas, Nesrine"]
[Result "0-1"]
[WhiteElo "1312"]
[BlackElo "1444"]
[PlyCount "50"]
[EventDate "2013.12.19"]
[EventType "swiss"]
[EventRounds "11"]
[EventCountry "UAE"]
[Source "lmi"]
[SourceDate "2013.12.19"]

1. d4 Nf6 2. Nf3 e6 3. e3 Bb4+ 4. Nbd2 d5 5. Bd3 O-O 6. b3 Nbd7 7. Bb2 Be7 8.
O-O c5 9. Ne5 Qc7 10. f4 a6 11. Qf3 b5 12. dxc5 Bxc5 13. Qh3 h6 14. Nxd7 Nxd7
15. Rf3 e5 16. Rg3 Qd6 17. Qf5 g6 18. Qh5 Bxe3+ 19. Kh1 Bxf4 20. Rg4 Bxd2 21.
Rd1 Be3 22. Rg3 d4 23. Bc1 Bxc1 24. Rxc1 Kg7 25. Rf1 g5 0-1

[Event "Wch Juvenil 2013 sub-16 femenino"]
[Site "Al-Ain UAE"]
[Date "2013.12.24"]
[Round "7.1"]
[White "Harutyunyan, Ani"]
[Black "Gu, Tianlu"]
[Result "1/2-1/2"]
[WhiteElo "1916"]
[BlackElo "2128"]
[PlyCount "49"]
[EventDate "2013.12.19"]
[EventType "swiss"]
[EventRounds "11"]
[EventCountry "UAE"]
[Source "lmi"]
[SourceDate "2013.12.19"]

1. d4 d5 2. c4 e5 3. e3 dxc4 4. Bxc4 exd4 5. exd4 Qe7+ 6. Qe2 Nd7 7. Be3 Nb6 8.
Bb3 Nf6 9. Nc3 Be6 10. Nf3 Bxb3 11. Qb5+ c6 12. Qxb3 Qb4 13. O-O Qxb3 14. axb3
Nfd5 15. Rfe1 Be7 16. Ne4 O-O 17. Nc5 Nxe3 18. Rxe3 Nd5 19. Ree1 Bxc5 20. dxc5
a6 21. Nd2 Rfe8 22. Nc4 Nb4 23. Red1 Nd5 24. Kf1 g6 25. g3 1/2-1/2

[Event "Wch Juvenil 2013 sub-16 femenino"]
[Site "Al-Ain UAE"]
[Date "2013.12.24"]
[Round "7.2"]
[White "Derakhshani, Dorsa"]
[Black "Khademalsharieh, Sarasadat"]
[Result "0-1"]
[WhiteElo "2087"]
[BlackElo "2298"]
[PlyCount "124"]
[EventDate "2013.12.19"]
[EventType "swiss"]
[EventRounds "11"]
[EventCountry "UAE"]
[Source "lmi"]
[SourceDate "2013.12.19"]

1. e4 e5 2. Nf3 Nc6 3. d4 exd4 4. Nxd4 Nf6 5. Nxc6 bxc6 6. e5 Nd5 7. Bd3 d6 8.
Qe2 Qe7 9. f4 g6 10. Bd2 dxe5 11. Qxe5 Qxe5+ 12. fxe5 Bg7 13. c4 Nb6 14. Bc3
Nd7 15. e6 Bxc3+ 16. Nxc3 fxe6 17. Be4 Rb8 18. Bxc6 Rxb2 19. Rf1 Ke7 20. Nb5
Ne5 21. Nxa7 Ba6 22. Be4 Bxc4 23. Rf2 Rb6 24. Rc2 Kd6 25. a4 Ra6 26. Nb5+ Ke7
27. Nd4 Rf8 28. Nf3 Rf4 29. O-O-O Rxe4 30. Nxe5 Rxa4 31. Rd7+ Kf6 32. Nxc4
Raxc4 33. Rxc7 Rxc7 34. Rxc7 Re2 35. Rxh7 Rxg2 36. Kd1 Rg5 37. Rh3 Re5 38. Rf3+
Kg5 39. Rg3+ Kf6 40. Rf3+ Rf5 41. Rh3 e5 42. Ke2 Rh5 43. Rf3+ Ke6 44. Rf2 Rh4
45. Ke3 g5 46. Rg2 Kf5 47. Rf2+ Rf4 48. Ra2 g4 49. Rg2 Rf3+ 50. Kd2 Ra3 51.
Rf2+ Ke4 52. Re2+ Kf4 53. Rf2+ Kg5 54. Kc1 e4 55. Rc2 Rd3 56. Rc8 e3 57. Rg8+
Kf4 58. Rf8+ Ke4 59. Re8+ Kf3 60. Rf8+ Kg2 61. Rg8 e2 62. Rxg4+ Kxh2 0-1

[Event "Wch Juvenil 2013 sub-16 femenino"]
[Site "Al-Ain UAE"]
[Date "2013.12.24"]
[Round "7.6"]
[White "Paredes Bustamante, Paula"]
[Black "Rodionova, Polina"]
[Result "0-1"]
[WhiteElo "1994"]
[BlackElo "2095"]
[PlyCount "84"]
[EventDate "2013.12.19"]
[EventType "swiss"]
[EventRounds "11"]
[EventCountry "UAE"]
[Source "lmi"]
[SourceDate "2013.12.19"]

1. e4 c5 2. Nf3 Nc6 3. d4 cxd4 4. Nxd4 g6 5. c4 Bg7 6. Be3 Nf6 7. Nc3 d6 8. Be2
O-O 9. O-O Bd7 10. Qd2 Nxd4 11. Bxd4 Bc6 12. f3 a5 13. b3 Nd7 14. Be3 Nc5 15.
Rab1 Qb6 16. Rfc1 Qb4 17. Rc2 Rfc8 18. Qc1 Qb6 19. a3 Qd8 20. Bf1 e6 21. b4
axb4 22. axb4 Na4 23. Ne2 Nb6 24. c5 dxc5 25. bxc5 Nd7 26. Nc3 Ra5 27. Nb5 Rca8
28. Qd2 Ra1 29. Rxa1 Rxa1 30. Nd4 Qc7 31. Nxc6 bxc6 32. Ra2 Rxa2 33. Qxa2 h5
34. g3 Bf8 35. Qa8 Kg7 36. Qa1+ Kh7 37. Qc3 Qa7 38. Kg2 Bxc5 39. Bxc5 Nxc5 40.
Kh3 Qb6 41. g4 hxg4+ 42. Kxg4 Nxe4 0-1

[Event "Wch Juvenil 2013 sub-16 femenino"]
[Site "Al-Ain UAE"]
[Date "2013.12.24"]
[Round "7.7"]
[White "Velikic, Adela"]
[Black "Imanly, Magrura"]
[Result "1-0"]
[WhiteElo "2055"]
[BlackElo "1786"]
[PlyCount "57"]
[EventDate "2013.12.19"]
[EventType "swiss"]
[EventRounds "11"]
[EventCountry "UAE"]
[Source "lmi"]
[SourceDate "2013.12.19"]

1. e4 c5 2. Nf3 e6 3. d3 d5 4. Nbd2 Nc6 5. g3 g6 6. Bg2 Bg7 7. O-O Nge7 8. Re1
O-O 9. e5 Qc7 10. Qe2 b6 11. Nf1 Ba6 12. Bf4 Rac8 13. c3 h6 14. h4 d4 15. c4 b5
16. b3 bxc4 17. bxc4 Rb8 18. N1h2 h5 19. Ng5 Qb6 20. g4 Qb2 21. Ne4 Qa3 22.
Nf6+ Kh8 23. gxh5 Rb2 24. Qf3 Bb7 25. Qg4 Qxd3 26. Be4 Qxc4 27. hxg6 fxg6 28.
Bxg6 Rxf6 29. exf6 1-0

[Event "Wch Juvenil 2013 sub-16 femenino"]
[Site "Al-Ain UAE"]
[Date "2013.12.24"]
[Round "7.8"]
[White "Ivanova, Simoneta"]
[Black "Beinenson, Katsiaryna"]
[Result "1-0"]
[WhiteElo "2049"]
[BlackElo "1961"]
[PlyCount "155"]
[EventDate "2013.12.19"]
[EventType "swiss"]
[EventRounds "11"]
[EventCountry "UAE"]
[Source "lmi"]
[SourceDate "2013.12.19"]

1. d4 d5 2. c4 dxc4 3. Nf3 Nf6 4. e3 Bg4 5. Bxc4 e6 6. Nc3 Nbd7 7. O-O Bd6 8.
e4 e5 9. d5 Nc5 10. h3 Bh5 11. Bb5+ Ncd7 12. Bg5 a6 13. Bd3 h6 14. Be3 g5 15.
g4 Bg6 16. Nd2 Bc5 17. Nc4 b5 18. Nxe5 Nxe5 19. Bxc5 h5 20. f3 b4 21. Bxb4 hxg4
22. hxg4 c5 23. Bxc5 Qc7 24. b4 Nxd3 25. d6 Qd7 26. Qxd3 Nxg4 27. Nd5 Kf8 28.
Nb6 Qe6 29. d7+ Kg7 30. Qd4+ Ne5 31. Rf2 f6 32. Kf1 Rad8 33. Rd1 Rh1+ 34. Ke2
Nxf3 35. Rxf3 Rxd1 36. Kxd1 Bh5 37. Qd3 Qh3 38. Ke2 Qh2+ 39. Bf2 Qe5 40. Qd4
Qb5+ 41. Ke3 Bxf3 42. Kxf3 Kg6 43. a4 Qf1 44. Ke3 Qc1+ 45. Qd2 Qf1 46. Qd3 Qc1+
47. Ke2 Qb2+ 48. Qd2 Qb1 49. Be3 g4 50. e5 fxe5 51. Qd3+ Qxd3+ 52. Kxd3 Kf5 53.
b5 axb5 54. a5 g3 55. a6 g2 56. a7 Ke6 57. Kc3 Kd6 58. Kb4 Kc6 59. Bg1 Rg8 60.
Ka5 Rf8 61. Ka6 Kc7 62. Kxb5 Rg8 63. Ka6 Rf8 64. Bc5 Rh8 65. Nc8 Rh1 66. Bb6+
Kxd7 67. Kb7 Ra1 68. Bc5 e4 69. Nb6+ Ke6 70. a8=Q Rxa8 71. Kxa8 Kf5 72. Kb7 Kf4
73. Nc4 Kf3 74. Bg1 Ke2 75. Ne3 Kd3 76. Kc6 Kd4 77. Nxg2+ e3 78. Nxe3 1-0

[Event "Wch Juvenil 2013 sub-16 femenino"]
[Site "Al-Ain UAE"]
[Date "2013.12.24"]
[Round "7.9"]
[White "Monnisha, Gk"]
[Black "Hong, Xing"]
[Result "1-0"]
[WhiteElo "2180"]
[BlackElo "1980"]
[PlyCount "89"]
[EventDate "2013.12.19"]
[EventType "swiss"]
[EventRounds "11"]
[EventCountry "UAE"]
[Source "lmi"]
[SourceDate "2013.12.19"]

1. e4 c5 2. Nf3 Nc6 3. d4 cxd4 4. Nxd4 Nf6 5. Nc3 e5 6. Ndb5 d6 7. Bg5 a6 8.
Na3 b5 9. Nd5 Qa5+ 10. Bd2 Qd8 11. c4 Nxe4 12. cxb5 Be6 13. Bc4 axb5 14. Nxb5
Rc8 15. Be3 Nc5 16. a3 Bxd5 17. Qxd5 Ne6 18. O-O Be7 19. Rfd1 Ncd4 20. Nxd4
exd4 21. Bxd4 O-O 22. Be3 Bf6 23. Rab1 Be5 24. Bd3 Qf6 25. b4 Nf4 26. Qe4 g6
27. b5 Rc3 28. Bxf4 Bxf4 29. a4 Rc5 30. g3 Be5 31. a5 Bd4 32. Rf1 Kg7 33. Kg2
h5 34. h4 Rf5 35. Qe2 Re8 36. Qa2 Rf3 37. Qc2 Re5 38. b6 g5 39. b7 Ba7 40. b8=Q
Bxb8 41. Rxb8 gxh4 42. Qc8 Rxd3 43. Qh8+ Kg6 44. Rg8+ Kf5 45. Qh7+ 1-0

[Event "Wch Juvenil 2013 sub-16 femenino"]
[Site "Al-Ain UAE"]
[Date "2013.12.24"]
[Round "7.10"]
[White "Wozniak, Mariola"]
[Black "Fiadosenka, Rahneda"]
[Result "1-0"]
[WhiteElo "2079"]
[BlackElo "1845"]
[PlyCount "81"]
[EventDate "2013.12.19"]
[EventType "swiss"]
[EventRounds "11"]
[EventCountry "UAE"]
[Source "lmi"]
[SourceDate "2013.12.19"]

1. e4 c5 2. Nf3 Nc6 3. d4 cxd4 4. Nxd4 Nf6 5. Nc3 e5 6. Ndb5 d6 7. Bg5 a6 8.
Na3 Be6 9. g3 Be7 10. Bxf6 Bxf6 11. Nc4 Nd4 12. Ne3 Rc8 13. Bg2 Bg5 14. O-O O-O
15. f4 Bh6 16. Rf2 f5 17. exf5 Nxf5 18. Ng4 exf4 19. Bd5 Bxd5 20. Qxd5+ Kh8 21.
Nxh6 Nxh6 22. Raf1 Qb6 23. Qb3 Qa7 24. Kh1 g5 25. Ne4 Ng4 26. Rf3 Rfe8 27. Qf7
Rxe4 28. Qf5 Rce8 29. Qxg4 Qc5 30. gxf4 Qxc2 31. Qxg5 Qxb2 32. Rg1 Re1 33. Rfg3
Rxg1+ 34. Rxg1 Qd4 35. h3 Qe4+ 36. Rg2 Qe1+ 37. Kh2 Qe7 38. Qg3 Qf7 39. Qc3+
Re5 40. fxe5 Qf4+ 41. Kg1 1-0

[Event "Wch Juvenil 2013 sub-16 femenino"]
[Site "Al-Ain UAE"]
[Date "2013.12.24"]
[Round "7.11"]
[White "Wafa, Shahenda"]
[Black "Zahn, Alina"]
[Result "1/2-1/2"]
[WhiteElo "1883"]
[BlackElo "1983"]
[PlyCount "104"]
[EventDate "2013.12.19"]
[EventType "swiss"]
[EventRounds "11"]
[EventCountry "UAE"]
[Source "lmi"]
[SourceDate "2013.12.19"]

1. e4 e5 2. Nf3 Nc6 3. Bb5 a6 4. Ba4 Nf6 5. d4 b5 6. dxe5 bxa4 7. exf6 Qxf6 8.
Nc3 Bb4 9. Bd2 O-O 10. O-O Bd6 11. Nxa4 Ne5 12. Bc3 Bb7 13. Nxe5 Bxe5 14. Re1
Bc6 15. Bxe5 Qxe5 16. Nc3 f5 17. exf5 Qxf5 18. f3 Rab8 19. Rb1 Rb6 20. Qd3 Qh5
21. Ne4 Bxe4 22. Rxe4 d5 23. Rd4 Rh6 24. h3 c6 25. Rg4 c5 26. Re1 Qf7 27. Re5
Rd6 28. Qe3 d4 29. Qe4 Rd7 30. Rxc5 Qxa2 31. b3 d3 32. Qe6+ Rdf7 33. cxd3 Qb1+
34. Kh2 Qxd3 35. Rf4 Qd7 36. Qxd7 Rxd7 37. Ra4 Rb8 38. Rc3 Rdb7 39. Rxa6 Rxb3
40. Rxb3 Rxb3 41. Ra7 Rb5 42. h4 h5 43. Kg3 Kh7 44. Re7 Kh6 45. Kf4 g6 46. g4
hxg4 47. fxg4 Rb4+ 48. Re4 Rb5 49. Re3 Rb4+ 50. Kg3 Rb5 51. Re4 Rb3+ 52. Kf4
Rb5 1/2-1/2

[Event "Wch Juvenil 2013 sub-16 femenino"]
[Site "Al-Ain UAE"]
[Date "2013.12.24"]
[Round "7.12"]
[White "Srija, Seshadri"]
[Black "Choladze, Mariam"]
[Result "0-1"]
[WhiteElo "1980"]
[BlackElo "1900"]
[PlyCount "112"]
[EventDate "2013.12.19"]
[EventType "swiss"]
[EventRounds "11"]
[EventCountry "UAE"]
[Source "lmi"]
[SourceDate "2013.12.19"]

1. e4 c5 2. Nf3 Nc6 3. d4 cxd4 4. Nxd4 Qc7 5. Nb5 Qb8 6. Be3 e6 7. N1c3 a6 8.
Bb6 axb5 9. Nxb5 Ra5 10. Nc7+ Ke7 11. Qd2 Re5 12. O-O-O f6 13. Qd3 g5 14. Kb1
Kf7 15. g3 Bc5 16. Bxc5 Rxc5 17. Qd6 b6 18. a3 Na7 19. Nb5 Qxd6 20. Nxd6+ Ke7
21. b4 Rc6 22. Nb5 Nxb5 23. Bxb5 Rc7 24. f4 Nh6 25. Rd2 Bb7 26. Rhd1 Bc6 27.
Bd3 Nf7 28. Rf2 Nd6 29. Re1 Bb5 30. e5 fxe5 31. fxe5 Nc4 32. Ref1 Nxa3+ 33. Kb2
Bxd3 34. cxd3 Nb5 35. Rf7+ Ke8 36. Rg7 d5 37. Rxg5 Rf7 38. Rc1 Kd7 39. Kb3 Ra8
40. Rh5 Ra3+ 41. Kb2 Rxd3 42. Rc2 Nd4 43. Rg2 Rb3+ 44. Kc1 Rf1+ 45. Kd2 Rb2+
46. Kc3 Rxg2 47. Kxd4 Rd1+ 48. Ke3 d4+ 49. Kf3 Rdd2 50. Rxh7+ Kc6 51. Re7 Kd5
52. h4 Kxe5 53. h5 Rh2 54. Rh7 Rdf2+ 55. Kg4 d3 56. Rd7 d2 0-1

[Event "Wch Juvenil 2013 sub-16 femenino"]
[Site "Al-Ain UAE"]
[Date "2013.12.24"]
[Round "7.14"]
[White "Baldi, Valentine"]
[Black "Styazhkina, Anna"]
[Result "0-1"]
[WhiteElo "1877"]
[BlackElo "2241"]
[PlyCount "82"]
[EventDate "2013.12.19"]
[EventType "swiss"]
[EventRounds "11"]
[EventCountry "UAE"]
[Source "lmi"]
[SourceDate "2013.12.19"]

1. d4 d5 2. c4 c6 3. Nf3 Nf6 4. Nc3 dxc4 5. a4 Bf5 6. e3 e6 7. Bxc4 Bb4 8. O-O
O-O 9. Qe2 Bg6 10. Ne5 Nbd7 11. Nxg6 hxg6 12. Na2 Be7 13. Rd1 Qc7 14. Nc3 e5
15. Bb3 exd4 16. exd4 Bd6 17. h3 Rfe8 18. Qd3 Nf8 19. Bg5 Ne6 20. Bxf6 gxf6 21.
Qf3 f5 22. Rac1 Ng5 23. Qd3 Qe7 24. Qd2 Bc7 25. Rf1 Qd6 26. f4 Ne4 27. Qd3 Nc5
28. Qc4 Nxb3 29. Qxb3 Qxd4+ 30. Kh1 Bxf4 31. Rcd1 Qe3 32. Rf3 Qe1+ 33. Rf1 Qg3
34. Rxf4 Qxf4 35. Qxb7 Rad8 36. Rxd8 Rxd8 37. Qxc6 Rd2 38. Qf3 Qxf3 39. gxf3
Rxb2 40. Nb5 a6 41. Nc7 a5 0-1

[Event "Wch Juvenil 2013 sub-16 femenino"]
[Site "Al-Ain UAE"]
[Date "2013.12.24"]
[Round "7.15"]
[White "Patel, Yesim"]
[Black "Malassagne, Isabelle"]
[Result "1/2-1/2"]
[WhiteElo "1860"]
[BlackElo "2043"]
[PlyCount "63"]
[EventDate "2013.12.19"]
[EventType "swiss"]
[EventRounds "11"]
[EventCountry "UAE"]
[Source "lmi"]
[SourceDate "2013.12.19"]

1. e4 e5 2. Nf3 Nc6 3. Bb5 a6 4. Ba4 Nf6 5. O-O Nxe4 6. Re1 Nc5 7. Nc3 Be7 8.
Nd5 e4 9. Bxc6 dxc6 10. Nxe7 Qxe7 11. b4 Be6 12. Nd4 Qf6 13. Nxe6 Nxe6 14. Rb1
Qf5 15. Qe2 O-O-O 16. Qxe4 Qxe4 17. Rxe4 Nd4 18. Bb2 Nxc2 19. Bxg7 Rhe8 20.
Rxe8 Rxe8 21. g3 Re4 22. Bc3 Ne1 23. Kf1 Nd3 24. f3 Re6 25. Bd4 h5 26. Be3 Ne5
27. Ke2 f5 28. Rc1 Ng6 29. Kf2 h4 30. Rc5 hxg3+ 31. hxg3 Ne7 32. Rc4 1/2-1/2

[Event "Wch Juvenil 2013 sub-16 femenino"]
[Site "Al-Ain UAE"]
[Date "2013.12.24"]
[Round "7.18"]
[White "Assaubayeva, Diana"]
[Black "Sunyasakta, Satpathy"]
[Result "0-1"]
[WhiteElo "1974"]
[BlackElo "1899"]
[PlyCount "96"]
[EventDate "2013.12.19"]
[EventType "swiss"]
[EventRounds "11"]
[EventCountry "UAE"]
[Source "lmi"]
[SourceDate "2013.12.19"]

1. c4 e6 2. g3 Nf6 3. Bg2 d5 4. Nf3 dxc4 5. Qa4+ c6 6. Qxc4 b5 7. Qc2 Bb7 8.
O-O Nbd7 9. d3 Be7 10. a3 c5 11. Nbd2 O-O 12. d4 Rc8 13. Qd1 Qb6 14. e3 Rfd8
15. Qe2 cxd4 16. Nxd4 Bxg2 17. Kxg2 a6 18. b4 e5 19. N4b3 Rc2 20. Qf3 Qe6 21.
Rb1 Nb6 22. Ne4 Nxe4 23. Qxe4 Qd5 24. Qxd5 Nxd5 25. Rb2 Nxe3+ 26. Bxe3 Rxb2 27.
Nc5 Rd6 28. Rc1 h6 29. Rc3 f5 30. Nb7 Rg6 31. Kf3 Bg5 32. Rc8+ Kh7 33. Bc5 Rb3+
34. Kg2 Rxa3 35. Nd6 Re6 36. Nxf5 Kg6 37. g4 h5 38. h3 hxg4 39. hxg4 Bf6 40.
Rc7 Rc3 41. Rd7 a5 42. Bf8 a4 43. Ra7 Rec6 44. Bxg7 Bxg7 45. Rxg7+ Kf6 46. Ra7
R6c4 47. Ne3 Rxe3 48. fxe3 Rxg4+ 0-1

[Event "Wch Juvenil 2013 sub-16 femenino"]
[Site "Al-Ain UAE"]
[Date "2013.12.24"]
[Round "7.19"]
[White "Virkud, Apurva"]
[Black "Parnali, S Dharia"]
[Result "0-1"]
[WhiteElo "1969"]
[BlackElo "1895"]
[PlyCount "156"]
[EventDate "2013.12.19"]
[EventType "swiss"]
[EventRounds "11"]
[EventCountry "UAE"]
[Source "lmi"]
[SourceDate "2013.12.19"]

1. d4 d5 2. c4 e6 3. Nc3 c5 4. cxd5 exd5 5. Nf3 Nc6 6. e3 Nf6 7. Be2 Be7 8. O-O
O-O 9. b3 Ne4 10. Bb2 Bf6 11. Rc1 cxd4 12. Nxd4 Nxd4 13. exd4 Bf5 14. Nxe4 Bxe4
15. Bf3 Bg5 16. Rc3 f5 17. Bxe4 fxe4 18. Qg4 Kh8 19. Rg3 Bf6 20. Rh3 Bg5 21.
Rh5 h6 22. Rh3 Qc8 23. Qh5 Qf5 24. Ba3 Rf7 25. Bd6 Rd8 26. Be5 Bf4 27. Qxf5
Rxf5 28. Bxf4 Rxf4 29. Rc3 Rdf8 30. h3 b6 31. Rcc1 Kh7 32. Rc3 h5 33. Rcc1 h4
34. Rc3 R8f6 35. Rcc1 a5 36. a4 Rg6 37. Rc3 Rf3 38. Rfc1 Rff6 39. R1c2 Re6 40.
Re3 Rgf6 41. Rec3 Kg6 42. Kf1 e3 43. Re2 Rxf2+ 44. Rxf2 exf2 45. Kxf2 Rf6+ 46.
Ke3 Kf5 47. Rc2 Rg6 48. Rf2+ Ke6 49. Kd2 Rg3 50. Kc2 Re3 51. Rd2 Kf5 52. Kb2
Ke4 53. Kc2 g5 54. Kb2 Rd3 55. Re2+ Kxd4 56. Kc2 Rc3+ 57. Kb2 Re3 58. Rd2+ Kc5
59. Kc2 d4 60. Kb2 d3 61. Kc3 Rg3 62. Rf2 d2+ 63. Kxd2 Kb4 64. Kc2 Rc3+ 65. Kd1
Rxb3 66. Rf5 Rg3 67. Rb5+ Kxa4 68. Rxb6 Rxg2 69. Kc1 g4 70. Rh6 Kb3 71. Rxh4 g3
72. Rh8 Rf2 73. Rb8+ Ka4 74. Rg8 g2 75. Rg4+ Ka3 76. Rg3+ Kb4 77. Rg4+ Kc3 78.
Rg3+ Kd4 0-1